- Márkus György - Tordai Zádor: Irányzatok a mai polgári filozófiában
Elmentve itt :
| Szerző: | |
|---|---|
| Adatforrás: | Philobibl |
| Forrásdokumentuma: | Valóság 8 1965/6., 100-101. p. |
| Dokumentumtípus: | Cikk |
| Nyelv: | magyar |
| LEADER | 00323nab a2200097 c 4500 | ||
|---|---|---|---|
| 001 | bibDOK00010612 | ||
| 005 | 20200924120610.5 | ||
| 008 | 060518s1965 hu hun | ||
| 100 | 1 | |a Vajda Mihály | |
| 245 | 1 | 0 | |a - Márkus György - Tordai Zádor: Irányzatok a mai polgári filozófiában |c Vajda Mihály |
| 773 | 0 | |t Valóság 8 |g 1965/6., 100-101. p. | |